Polscy sportowcy - nagła śmierć - Statystyki

Ogólne statystyki
  • Ten quiz został rozwiązany 583 razy
  • Średni wynik to 8 z 16
Answers on the Grid
Answers color-coded by a green-red scale on the quiz's grid according to % correct below.
Irena Szewińska
Dirk Nowitzki
Mamed Khalidov
Caroline Wozniacki
Wilfredo Leon
Aleksander Śliwka
Thomas Rosicky
Jan Mucha
Roger Guerreiro
Pia Skrzyszowska
Milan Baroš
Emmanuel Olisadebe
Jan Kozak
Sofia Ennaoui
David Zabriskie
Michał Kwiatkowski
Juraj Kucka
Artur Siódmiak
Angelika Sarna
Piotr Trochowski
Damian Janikowski
Matt Szczur
Jakub Kiwior
Layvin Kurzawa
Jerzy Janowicz
Rune Holta
Laurent Koscielny
Maria Liktoras
 
Statystyki odpowiedzi
Odpowiedź % Poprawnych
Irena Szewińska
89%
Wilfredo Leon
77%
Aleksander Śliwka
73%
Jakub Kiwior
59%
Emmanuel Olisadebe
58%
Pia Skrzyszowska
58%
Michał Kwiatkowski
57%
Jerzy Janowicz
56%
Mamed Khalidov
53%
Artur Siódmiak
50%
Damian Janikowski
48%
Sofia Ennaoui
45%
Roger Guerreiro
44%
Angelika Sarna
30%
Maria Liktoras
15%
Rune Holta
15%
Nie znaleziono quizów pasujących do podanych kryteriów
Rozkład punktacji
Procent ludzi z każdym wynikiem
Percentyl według liczby udzielonych odpowiedzi
Twoja historia wyników
Nie rozwiązałeś tego quizu